| 000 | 004320000a22001810004500 | ||
|---|---|---|---|
| 003 | MACL | ||
| 005 | 20150821150907.0 | ||
| 008 | 150821b xxu||||| |||| 00| 0 eng d | ||
| 040 |
_aMACL _cMACL |
||
| 041 | _aEnglish | ||
| 082 | _a641/CHO | ||
| 100 |
_aChowdhury, Irena _96520 |
||
| 245 | _aMid-Meal N Sonia | ||
| 260 |
_bKolkata Bookfair _c2008 _aKolkata |
||
| 350 | _a160 | ||
| 650 |
_aFood & Drinks _96521 |
||
| 942 |
_cBK _k641 _2ddc |
||
| 999 |
_c7903 _d7903 |
||